Central Library OPAC University of Rajshahi

Geochemical exploration, 1974 : (Record no. 67224)

MARC details
000 -LEADER
fixed length control field 01050nam a2200277 a 4500
001 - CONTROL NUMBER
control field 67224
003 - CONTROL NUMBER IDENTIFIER
rucl marc code BD-RjUL
005 - DATE AND TIME OF LATEST TRANSACTION
control field 20211209081628.0
008 - FIXED-LENGTH DATA ELEMENTS--GENERAL INFORMATION
fixed length control field 170323s1975 ne a b 100 0 eng
020 ## - INTERNATIONAL STANDARD BOOK NUMBER
International Standard Book Number 0444412808
035 ## - SYSTEM CONTROL NUMBER
System control number (BD-RjUL)67355
040 ## - CATALOGING SOURCE
Original cataloging agency DLC
Transcribing agency DLC
Modifying agency BD-RjUL
Language of cataloging eng
041 ## - LANGUAGE CODE
Language code of text/sound track or separate title eng
082 ## - DEWEY DECIMAL CLASSIFICATION NUMBER
Classification number 622.13
Edition number 23
Author mark and year GEO 1975
245 10 - TITLE STATEMENT
Title Geochemical exploration, 1974 :
Remainder of title proceedings of the fifth International Geochemical Exploration Symposium held in Vancouver, B.C., Canada, April 1-4, 1974 /
Statement of responsibility, etc. ed. by I. L. Elliott and W. K. Fletcher.
260 ## - PUBLICATION, DISTRIBUTION, ETC. (IMPRINT)
Place of publication, distribution, etc. New York :
Name of publisher, distributor, etc. Elsevier Scientific Pub. Co.,
Date of publication, distribution, etc. c1975.
300 ## - PHYSICAL DESCRIPTION
Pagination xi, 720 p. :
Illustrations ill. ;
Size 25 cm.
490 1# - SERIES STATEMENT
Series statement Developments in economic geology ;
Volume/sequential designation 1
504 ## - BIBLIOGRAPHY, ETC. NOTE
Bibliography, etc Includes bibliographies.
650 #0 - SUBJECT ADDED ENTRY--TOPICAL TERM
Topical term or geographic name as entry element Geochemical prospecting
General subdivision Congresses.
9 (RLIN) 34528
700 1# - ADDED ENTRY--PERSONAL NAME
Personal name Elliott, I. L.
Fuller form of name (Ivor Llewellyn),
Dates associated with a name 1935-
Personal name Fletcher, W. K.
Fuller form of name (William K.)
830 #0 - SERIES ADDED ENTRY--UNIFORM TITLE
Uniform title Developments in economic geology ;
Volume number/sequential designation 1
942 ## - ADDED ENTRY ELEMENTS (KOHA)
Source of classification or shelving scheme Dewey Decimal Classification
Koha item type Books
Holdings
Lost status Source of classification or shelving scheme Damaged status Not for loan Collection code Permanent Location Current Location Shelving location Date acquired Source of acquisition Total Checkouts Full call number Date last seen Copy number Koha item type
  Dewey Decimal Classification   Not For Loan Non-fiction Central Library, University of Rajshahi Central Library, University of Rajshahi Reading Room 29/10/1980 Netherland   622.13 GEO 1975 23/03/2017 C-1 Books